zpět

Detail výsledku týmu

Koupák, Neratovice

Datum a čas kvízu

32.5 Celkem bodů Celkový počet nahraných bodů na tomto kvízu bez doplňovacích otázek.
2. Pořadí na kvízu Konečné umístění týmu na tomto kvízu.

Zaznamenané odpovědi

# Otázka Odpověď Body Výsledky
1. Město Znojmo sklidilo na velet... 0
2. Mimořádně výhodná akce na jede... 1
3. Radní centrálního městského ob... 0
4. Americká firma Nike představil... 1
5. Češi už znají soupeře, s nimiž... 0.5
6. Rok 1989 si přirozeně spojujem... 0
7. Je samozřejmé, že události v z... 1
8. V tomto roce skončil i komunis... 1
9. Nejen politikou živ je člověk.... 0
10. Lidé narození roku 1989 patří... 1